000 00444 a2200157 4500
999 _c6203
_d6203
020 _a0333460472
050 _aTX725MAY1988
100 _aMayhew, Susan
_eauthor
245 _aMacmillan tropical and sub-tropical foods /
_cSusan Mayhew; Anne Penny
264 _aOxford:
_bMacmillan,
_c1988
300 _a291p. :
500 _aincludes index
650 _a Nutrition-food science.
700 _aPenny Anne
_eauthor
942 _2lcc
_cBK
_h725
_iMAY
_kTX